| 000 | 00688cam a22002414a 4500 | ||
|---|---|---|---|
| 001 | 14019417 | ||
| 005 | 20250225120200.0 | ||
| 008 | 050629s2006 paua b 001 0 eng | ||
| 020 | _a9781416029847 | ||
| 050 | 0 | 0 |
_aRM300 _b.B74 2006 |
| 082 | 0 | 0 |
_a615/.1 _222 |
| 100 | 1 | _aBrenner, George M. | |
| 245 | 1 | 0 |
_aPharmacology / _cGeorge M. Brenner, Craig W. Stevens. |
| 250 | _a2nd ed. | ||
| 260 |
_aPhiladelphia, PA : _bSaunders Elsevier, _cc2006. |
||
| 300 |
_avii, 532 p. : _bill. ; _c28 cm. |
||
| 650 | 0 | _aPharmacology. | |
| 650 | 1 | 2 | _aPharmacology. |
| 650 | 2 | 2 | _aDrug Therapy. |
| 650 | 2 | 2 | _aPharmaceutical Preparations. |
| 700 | 1 | _aStevens, Craig W. | |
| 942 |
_2lcc _cBK _e2nd ed. _n0 |
||
| 999 |
_c4304 _d4304 |
||